Kejutan masa depan

Bibliographic Details
Main Author: Toffler, Alvin
Format: Book
Published: Kuala Lumpur : DBP , 1991
Subjects:

MARC

LEADER 00000cam a2200000 7i4500
001 0000012821
002 000014056
005 20000330.0
020 |a 9836207716 
090 0 0 |a 301   |b TOF 
100 1 |a Toffler, Alvin 
245 1 0 |a Kejutan masa depan   |c Alvin Toffler 
260 |a Kuala Lumpur :   |b DBP ,   |c 1991 
300 |a 463 p. ;   |c 22 cm. 
650 0 0 |a Civilization, Modern 
650 0 0 |a Twenty-first century   |x Forecasts 
999 |a 027906   |b BUKU   |c PINJAMAN   |e PERPUSTAKAAN KOMUNITI PETALING JAYA 
999 |a 086887   |b BUKU   |c PINJAMAN   |e PERPUSTAKAAN KOMUNITI PETALING JAYA